Cookie By Picture - Statistics

General Stats
  • This quiz has been taken 60 times
    58 since last reset
  • The average score is 6 of 9
Answer Stats
Picture Answer % Correct
Chocolate Chip Cookie
98%
Oreo/Cookies and Cream
96%
Ginger Bread
93%
Fortune Cookie
87%
Macaroon
76%
Sugar Cookie
56%
Oatmeal Cookie
46%
Black And White Cookie
30%
SnickerDoodle
30%
No matching quizzes found
Score Distribution
Percent of People with Each Score
Percentile by Number Answered
Your Score History
You have not taken this quiz since the last reset